Desarrollo de los servicios de consultoría de gestión : con referencia especial a América Latina /

Guardado en:
Autor Corporativo: Organización de las Naciones Unidas para el desarrollo industrial.
Formato: Libro
Idioma:English
Publicado: Nueva York : Naciones Unidas, 1973.
Series:[Documento - Naciones Unidas] : ID/95
Materias:
Etiquetas: Agregar Etiqueta
Sin Etiquetas, Sea el primero en etiquetar este registro!
LEADER 01292nam a22002655a 4500
001 EIQ.libpla001454
008 061019s1973####nyua#####b####100#0#eng#d
005 20061019170408.0
245 1 0 |a Desarrollo de los servicios de consultoría de gestión :  |b con referencia especial a América Latina /  |c resumen de las memorias presentadas a la reunión organizada por la ONUDI y celebrada en Santiago de Chile, en julio de 1971. 
260 |a Nueva York :  |b Naciones Unidas,  |c 1973. 
300 |a x, 139 p. :  |b il. ;  |c 24 cm. 
490 1 |a [Documento - Naciones Unidas] : ID/95 
500 |a "Publicación de las Naciones Unidas. Núm. E. 72. II.B. 30.". 
500 |a La biblioteca posee ejemplar en inglés. 
504 |a Incluye referencias bibliográficas. 
810 2 |a Naciones Unidas  |t Documento ;  |v ID/95 
082 0 0 |a 300/.8 s  |a 658.4/6/098 
650 4 |a Consultores de negocios  |x Congresos. 
650 4 |a Consultores de negocios  |z América Latina. 
650 0 |a Business consultants  |x Congresses. 
650 0 |a Business consultants  |z Latin America. 
040 |a DLC  |c DLC  |d AR-BbSID 
110 2 |a Organización de las Naciones Unidas para el desarrollo industrial. 
859 |a AR-BbSID  |b BIB. PLAPIQUI  |h 658.4  |i N 113  |p 916  |t Ej. 1  |v Ej. 1 
859 |a AR-BbSID  |b BIB. PLAPIQUI  |h 658.4  |i N 113  |p 1098  |t Ej. 2  |v Ej. 2